00749cam a22002413a 450000100060000000300060000600500170001200800410002904000150007004200070008505000070009210000350009924501020013426000290023650600300026551600200029565300360031565300320035165300370038370000160042083000290043685600420046521070PGUSA20140828083440.0070413s2007||||xxu|||||s|||||000 1 eng d aPGUSAbeng adc 4aPZ1 aCollingwood, Harry,d1851-192212aA Middy of the Slave Squadron :bA West African Storyh[electronic resource] /cHarry Collingwood bProject Gutenberg,c2007 aPublic domain in the USA. aElectronic text aSlave trade -- Juvenile fiction aSailors -- Juvenile fiction aAfrica, West -- Juvenile fiction1 aMays, D. L. 0aProject Gutenbergv2107040uhttp://www.gutenberg.org/ebooks/21070